Phosphorus and calcium utilization and requirements in farm animals (Record no. 195550)
[ view plain ]
| 000 -LEADER | |
|---|---|
| fixed length control field | 01345nam a2200337Ia 4500 |
| 082 04 - DEWEY DECIMAL CLASSIFICATION NUMBER | |
| Classification number | 636.08/52 |
| 245 00 - TITLE STATEMENT | |
| Title | Phosphorus and calcium utilization and requirements in farm animals |
| 260 ## - PUBLICATION, DISTRIBUTION, ETC. (IMPRINT) | |
| Place of publication | Wallingford, Oxfordshire, UK ; |
| -- | Cambridge, MA : |
| Name of publisher | CABI, |
| Year of publication | c2010. |
| 300 ## - PHYSICAL DESCRIPTION | |
| Number of Pages | ix, 178 p. : |
| Other physical details | ill. |
| 650 #0 - SUBJECT ADDED ENTRY--TOPICAL TERM | |
| Topical Term | Phosphorus in animal nutrition. |
| Topical Term | Calcium in animal nutrition. |
| Topical Term | Animal nutrition |
| Topical Term | Feeds. |
| 700 1# - ADDED ENTRY--PERSONAL NAME | |
| Personal name | Vitti, Dorinha M. S. S. |
| Personal name | Kebreab, E. |
| 856 40 - ELECTRONIC LOCATION AND ACCESS | |
| Uniform Resource Identifier | http://site.ebrary.com/lib/rucke/Doc?id=10373409 |
No items available.
